| 000 | 00526nam a2200193Ia 4500 | ||
|---|---|---|---|
| 003 | OSt | ||
| 005 | 20191221133117.0 | ||
| 008 | 190216s9999||||xx |||||||||||||| ||und|| | ||
| 020 | _a8125909567 | ||
| 040 | _coclc | ||
| 082 |
_a332.401 _bVAI/M |
||
| 100 |
_aVaish, M C _9550 |
||
| 245 | 0 |
_aMonetary Theory / _cM C Vaish |
|
| 250 | _a15th ed. | ||
| 260 |
_bVikas Publishing House, _c2000. _aNew Delhi: |
||
| 300 | _a645 p | ||
| 650 | _aEconomics | ||
| 942 |
_cBK _2ddc _h332.401 _iVAI/M _k332.401 _mVAI/M |
||
| 999 |
_c10779 _d10779 |
||